| 000 | 00533nam a2200181 i 4500 | ||
|---|---|---|---|
| 001 | 43570 | ||
| 003 | ES-MaACL | ||
| 005 | 20240207063017.0 | ||
| 007 | t| | ||
| 008 | 030318s1970 sp ||||1| spa d | ||
| 080 | _a821.134.2-32"19" | ||
| 100 | 1 |
_aCastroviejo, José María, _d1909-1983 _936993 |
|
| 245 | 1 | 4 |
_aLas tribulaciones del cura de Noceda / _cJosé María Castroviejo. |
| 260 |
_aBarcelona : _bTaber, _c[1970] |
||
| 300 |
_a251 p. ; _c19 cm. |
||
| 852 |
_aES-MaACL _jC-39954 _bR.73813 |
||
| 999 |
_c43570 _d43570 |
||